Harry Potter - Les 70 mots du résumé Tome 1 - Statistiques

Statistiques générales
  • Ce quiz a été pris 68 fois
  • Le résultat moyen est 36 sur 72
Statistiques - réponses
Hint Réponse % Correct
7 Harry
93%
48 Harry
93%
31 L’
89%
61 L’
89%
33 À
87%
8 Potter,
87%
52 Sorcier
87%
1 Le
84%
19 Le
84%
28 Le
84%
64 Le
84%
71 Le
84%
3 De
79%
37 De
79%
36 École
77%
9 Un
75%
13 Un
75%
25 Un
75%
51 Un
75%
55 Un
75%
63 V.,
75%
68 N’
70%
15 Et
67%
60 Et
67%
34 Poudlard,
67%
16 Une
66%
35 Une
66%
49 Se
64%
40 En
61%
43 Des
59%
46 Des
59%
14 Oncle
56%
12 Par
56%
58 Sa
56%
17 Tante
56%
2 Jour
54%
18 Qui
48%
4 Ses
48%
22 Son
48%
38 Sorcellerie !
48%
6 Ans,
46%
5 Onze
46%
11 Élevé
41%
54 Mais
39%
10 Orphelin
39%
72 Nom.
38%
30 Pour
38%
66 Dont
36%
26 Géant
36%
65 Mage
31%
70 Prononcer
31%
41 Balai,
30%
32 Emmener
26%
69 Ose
25%
67 Personne
25%
29 Chercher
23%
44 Sorts,
23%
27 Vient
23%
20 Détestent,
21%
59 Naissance
21%
50 Révèle
20%
39 Voler
20%
53 Doué.
16%
21 Voit
16%
42 Jeter
15%
56 Mystère
15%
45 Combattre
13%
62 Effroyable
11%
57 Entoure
11%
47 Trolls :
11%
24 Bouleversée.
10%
23 Existence
10%
Aucun quiz correspondant
Distribution des résultats
% des personnes avec chaque résultat
Percentile par nombre de réponses
Votre historique - résultats
Vous n’avez pas pris ce quiz